02270nam a2200349 a 4500008004100000020001800041041000800059092002000067100003400087245008000121250001100201260005300212300002000265500013500285653011000420653013100530653007500661653014100736653011800877653008200995653005301077653008301130653007701213653008001290653005001370653005501420653007601475653012501551942001201676999001501688952021701703110706t2022 ag |||f |||| 001 0 spa d a9789878406961 aspa c362.29l13sCOR1 aCornaglia, Carlos L. M.94180 aDependencia con drogas.bCausas y determinaciones /cCarlos L. M. Cornaglia a1a ed. aBuenos Aires:bRicardo Vergara Ediciones;c2022. a220 p.b23x16cm aCornaglia, C. L. M. (2022). Dependencias con drogas. Causas y determinaciones. (1a ed.). Buenos Aires : Ricardo Vergara Ediciones.4 aLas relaciones causales, las sustancias y su consumo o uso en los enunciados de la OMS (CIE) y APA (DSM).4 aLas causas de las adicciones en el discurso reduccionista individualista de otras organizaciones internacionales y nacionales.4 aLos conceptos de causalidad y determinación en la ciencia fáctica.3 aLa precausalidad y el pensamiento preoperatorio en los enunciados de la OMS, APA y de otras organizaciones internacionales y nacionales. aExplicaciones causales y de la génesis en la patología general, especial infectológica y psicopatológica.3 aLo observable y las explicaciones causales de la dependencia con y de drogas.4 aLas cosas que causan los trastorno y adicciones.4 aLos productores de mercancías designadas comúnmente como "drogas legales".4 aLos productores de mercancías tabáquicas y los juicios en su contra. aSoro, la Open Society y su discurso de 'Sociedad abierta'. Cannabis y coca.5 a¿Qué producen los productores de "drogas"? aDeterminación de la dependencia con y de drogas. aExplicaciones causales y no causales de la dependencia con y de drogas.5 a¿Las explicaciones usuales de las alteraciones humanas relacionadas con "sustancias" y "drogas" alcanzan la causalidad? 2ddccBK c3146d3146 00102ddc4070aBFMbBFMcCRd2022-12-01eDonación Dr Carlos Cornaglia, Diciembre 2022.l1o362.29 13 CORp4803r2022-12-02s2022-12-02tEj. 1w2022-12-01yBKzDonación Dr Carlos Cornaglia, Diciembre 2022.f